[Event "GBR-ch82"]
[Site "Swansea"]
[Date "1995.08.11"]
[Round "11"]
[White "Sadler, Matthew D"]
[Black "Levitt, Jonathan P"]
[Result "1-0"]
[WhiteElo "2575"]
[BlackElo "2420"]
[PlyCount "89"]
[EventDate "1995.07.31"]
[EventType "swiss"]
[EventRounds "11"]
[EventCountry "GBR"]
[SourceTitle "BritBase"]
[Source "John Saunders"]
[SourceDate "2023.06.01"]
[SourceVersion "1"]
[SourceVersionDate "2023.06.01"]
[SourceQuality "1"]

1. d4 Nf6 2. c4 e6 3. Nc3 Bb4 4. Qc2 O-O 5. a3 Bxc3+ 6. Qxc3 b6 7. Bg5 Bb7 8.
f3 c5 9. dxc5 bxc5 10. e3 a5 11. Bd3 a4 12. Ne2 d6 13. O-O Nbd7 14. Qc2 h6 15.
Bf4 Qe7 16. Rad1 d5 17. Bg3 Nb6 18. cxd5 exd5 19. Nc3 Rfd8 20. Rfe1 Ba6 21.
Bxa6 Rxa6 22. Bh4 g5 23. Bg3 Qe6 24. Bc7 Rda8 25. Bxb6 Rxb6 26. Nxa4 Rxa4 27.
Qxa4 Rxb2 28. Qa5 d4 29. Rd2 Rb3 30. Qxc5 Rxe3 31. Rf1 d3 32. Qd4 Nh5 33. Rxd3
Re2 34. Rd2 Nf4 35. Kh1 Re1 36. Qf2 Re3 37. Ra1 Nd3 38. Qf1 Nc5 39. Rdd1 Nb3
40. Rab1 Qf5 41. Qf2 Rc3 42. Qb6 Nc5 43. Qxh6 f6 44. Rb8+ Kf7 45. Qh5+ 1-0

[Event "GBR-ch82"]
[Site "Swansea"]
[Date "1995.08.11"]
[Round "11"]
[White "Summerscale, Aaron P"]
[Black "Ward, Christopher G"]
[Result "1-0"]
[WhiteElo "2455"]
[BlackElo "2500"]
[PlyCount "137"]
[EventDate "1995.07.31"]
[EventType "swiss"]
[EventRounds "11"]
[EventCountry "GBR"]
[SourceTitle "BritBase"]
[Source "John Saunders"]
[SourceDate "2023.06.01"]
[SourceVersion "1"]
[SourceVersionDate "2023.06.01"]
[SourceQuality "1"]

1. d4 e6 2. c4 Bb4+ 3. Bd2 a5 4. e4 d5 5. a3 Bxd2+ 6. Nxd2 dxe4 7. Nxe4 Nf6 8.
Nc3 O-O 9. Nf3 b6 10. Be2 Bb7 11. O-O Nbd7 12. Re1 Ne4 13. Nxe4 Bxe4 14. Bd3
Bxd3 15. Qxd3 a4 16. Rad1 Ra5 17. Qe4 Nf6 18. Qb7 Qc8 19. Qc6 Qd7 20. Qb7 Qc8
21. Qc6 Qd7 22. Qxd7 Nxd7 23. d5 exd5 24. Re7 Nf6 25. Rxc7 h6 26. Ne5 dxc4 27.
Nxc4 Rd5 28. Rxd5 Nxd5 29. Rd7 Nf6 30. Rd4 Rc8 31. Kf1 b5 32. Ne3 Rc5 33. Rd8+
Kh7 34. Ke2 Kg6 35. Kd3 h5 36. h3 h4 37. Kd4 Rc7 38. Rd6 Re7 39. Nd5 Re4+ 40.
Kc5 Re5 41. Kc6 Rg5 42. Ne3 Re5 43. Rd4 Ne4 44. Ng4 Re6+ 45. Kxb5 f5 46. Nh2
Nxf2 47. Rd2 Ne4 48. Rc2 Kf6 49. Kxa4 g5 50. b4 Ke5 51. b5 Kf4 52. Kb4 g4 53.
a4 gxh3 54. gxh3 Rd6 55. Ka5 Rd1 56. b6 Kg3 57. Ka6 Nd6 58. a5 f4 59. Ka7 f3
60. Nxf3 Kxf3 61. Rc6 Rd5 62. Rxd6 Rxa5+ 63. Kb8 Ra3 64. b7 Kg2 65. Kc7 Rc3+
66. Rc6 Rb3 67. Rb6 Rc3+ 68. Kd7 Rd3+ 69. Ke7 1-0

[Event "GBR-ch82"]
[Site "Swansea"]
[Date "1995.08.11"]
[Round "11"]
[White "Vigus, James E"]
[Black "Condie, Mark L"]
[Result "1-0"]
[WhiteElo "2110"]
[BlackElo "2450"]
[PlyCount "79"]
[EventDate "1995.07.31"]
[EventType "swiss"]
[EventRounds "11"]
[EventCountry "GBR"]
[SourceTitle "BritBase"]
[Source "John Saunders"]
[SourceDate "2023.06.01"]
[SourceVersion "1"]
[SourceVersionDate "2023.06.01"]
[SourceQuality "1"]

1. c4 c5 2. Nc3 Nf6 3. g3 g6 4. Bg2 Bg7 5. Nf3 d5 6. cxd5 Nxd5 7. O-O Nc6 8.
Nxd5 Qxd5 9. d3 O-O 10. Be3 Bxb2 11. Rb1 Bg7 12. Nd4 Qxa2 13. Nxc6 bxc6 14.
Bxc6 Bh3 15. Bxa8 Bxf1 16. Bf3 Bh3 17. Bxc5 Bf6 18. d4 Rd8 19. e3 e5 20. d5 Rc8
21. Ra1 Qb2 22. Ba3 Qc3 23. e4 Bg5 24. Bg2 Bg4 25. Qb1 Qd2 26. Ra2 Qd4 27. h3
Bd1 28. Bb2 Bc2 29. Qe1 Qb6 30. Qa5 Qb3 31. d6 Bf6 32. Bxe5 Bxe5 33. d7 Rf8 34.
d8=Q Rxd8 35. Qxd8+ Kg7 36. Qd5 Qb1+ 37. Kh2 Bf6 38. e5 Be7 39. Rxa7 Bb3 40.
Qd4 1-0

[Event "GBR-ch82"]
[Site "Swansea"]
[Date "1995.08.11"]
[Round "11"]
[White "McShane, Luke J"]
[Black "Cobb, James E"]
[Result "1-0"]
[WhiteElo "2170"]
[BlackElo "2280"]
[PlyCount "39"]
[EventDate "1995.07.31"]
[EventType "swiss"]
[EventRounds "11"]
[EventCountry "GBR"]
[SourceTitle "BritBase"]
[Source "John Saunders"]
[SourceDate "2023.06.01"]
[SourceVersion "1"]
[SourceVersionDate "2023.06.01"]
[SourceQuality "1"]

1. e4 Nc6 2. Nf3 e5 3. Bb5 Nge7 4. O-O g6 5. d4 exd4 6. Nxd4 Bg7 7. Be3 O-O 8.
Re1 d6 9. Nc3 f5 10. exf5 Bxd4 11. Bxd4 Nxd4 12. Qxd4 c6 13. fxg6 cxb5 14.
gxh7+ Kf7 15. Rxe7+ Kxe7 16. Qg7+ Ke6 17. Re1+ Kf5 18. g4+ Kf4 19. Nd5+ Kf3 20.
Re3# {Contributed by Andy Ansel, 1 August 2021} 1-0

[Event "GBR-ch82 Major Open"]
[Site "Swansea"]
[Date "1995.07.31"]
[Round "1"]
[White "Stephenson, Frederick Norman"]
[Black "Ram, Andrew E"]
[Result "1-0"]
[WhiteElo "2275"]
[BlackElo "2015"]
[PlyCount "57"]
[EventDate "1995.07.31"]
[EventType "swiss"]
[EventRounds "11"]
[EventCountry "GBR"]

1. d4 d5 2. e3 Nf6 3. Bd3 Bg4 4. f3 Bh5 5. c4 e6 6. Ne2 Nc6 7. Nbc3 Nb4 8. cxd5
exd5 9. Bb1 Be7 10. a3 Na6 11. Qb3 Rb8 12. Nf4 c6 13. Nxh5 Nxh5 14. Ne2 Bd6 15.
g3 Nc7 16. O-O Qd7 17. e4 dxe4 18. fxe4 O-O 19. Qf3 g6 20. Bh6 Ng7 21. Ba2 Nce8
22. e5 Bc7 23. e6 Nxe6 24. Bxf8 Kxf8 25. Rad1 Bb6 26. Kh1 Qe7 27. Nc3 Ng5 28.
Qf4 Bc7 29. Qxg5 {Source: Norman Stephenson} 1-0

[Event "GBR-ch82 Major Open"]
[Site "Swansea"]
[Date "1995.08.01"]
[Round "2"]
[White "Howell, Christopher I"]
[Black "Stephenson, Frederick Norman"]
[Result "1/2-1/2"]
[WhiteElo "2080"]
[BlackElo "2275"]
[PlyCount "86"]
[EventDate "1995.07.31"]
[EventType "swiss"]
[EventRounds "11"]
[EventCountry "GBR"]

1. e4 e5 2. Nf3 Nc6 3. Nc3 Nf6 4. Bb5 d6 5. h3 Bd7 6. d4 Be7 7. d5 Nb4 8. Bxd7+
Qxd7 9. a3 Na6 10. Be3 O-O 11. Qe2 h6 12. O-O Nh7 13. Qc4 Bg5 14. Nxg5 hxg5 15.
g4 g6 16. Kh2 Kg7 17. Rg1 Rh8 18. Rg3 Rac8 19. Qb5 c6 20. dxc6 Rxc6 21. Rd1 Nf6
22. Kg2 Nb8 23. Qd3 Nh7 24. Bxa7 b6 25. Bxb8 Rxb8 26. Nd5 Nf8 27. c3 Ne6 28.
Rf3 b5 29. Kf1 Rcc8 30. Nf6 Qd8 31. Qxd6 Nf4 32. Nd7 Rb7 33. Nxe5 Qe7 34. Re3
Re8 35. Qxe7 Rbxe7 36. Nd3 Rd7 37. Rf3 Red8 38. Rxf4 gxf4 39. Ke2 g5 40. f3 Kf6
41. Nf2 Rxd1 42. Nxd1 Ke7 43. Nf2 Rd6 {Source: Norman Stephenson} 1/2-1/2

[Event "GBR-ch82 Major Open"]
[Site "Swansea"]
[Date "1995.08.02"]
[Round "3"]
[White "Stephenson, Frederick Norman"]
[Black "Dyce, Andrew N"]
[Result "1/2-1/2"]
[WhiteElo "2275"]
[BlackElo "2135"]
[PlyCount "70"]
[EventDate "1995.07.31"]
[EventType "swiss"]
[EventRounds "11"]
[EventCountry "GBR"]

1. d4 Nf6 2. c3 g6 3. Bg5 Bg7 4. Nd2 d6 5. e4 O-O 6. Ngf3 Nbd7 7. Bc4 e5 8.
dxe5 dxe5 9. O-O Qe7 10. Qe2 h6 11. Bxf6 Nxf6 12. Rfd1 c6 13. a4 b6 14. Ne1 Bg4
15. f3 Be6 16. Bxe6 Qxe6 17. Qc4 Rfe8 18. Qxe6 Rxe6 19. Nc4 Kf8 20. Rd3 Ke7 21.
Rad1 Rc8 22. Nc2 Rc7 23. b4 b5 24. Nb2 Rd7 25. c4 Rxd3 26. Rxd3 bxa4 27. Nxa4
Rd6 28. Nc5 Nd7 29. Rxd6 Kxd6 30. Nxd7 Kxd7 31. Ne1 Bf8 32. Nd3 Ke6 33. Kf1 f5
34. Ke2 fxe4 35. fxe4 Bd6 {Source: Norman Stephenson} 1/2-1/2

[Event "GBR-ch82 Major Open"]
[Site "Swansea"]
[Date "1995.08.03"]
[Round "4"]
[White "Haslinger, Mandy S"]
[Black "Stephenson, Frederick Norman"]
[Result "0-1"]
[WhiteElo "2060"]
[BlackElo "2275"]
[PlyCount "112"]
[EventDate "1995.07.31"]
[EventType "swiss"]
[EventRounds "11"]
[EventCountry "GBR"]

1. d4 d5 2. c4 e6 3. Nc3 Nf6 4. cxd5 exd5 5. Bg5 c6 6. Qc2 g6 7. e3 Bf5 8. Qb3
b6 9. Nf3 Bg7 10. Ne5 O-O 11. Bd3 Bxd3 12. Nxd3 Qe8 13. O-O Ne4 14. Nxe4 Qxe4
15. Bf4 Nd7 16. Rfc1 Rfc8 17. Nb4 Bxd4 18. Rxc6 Nc5 19. Rxc8+ Rxc8 20. Qxd5
Bxb2 21. Qxe4 Nxe4 22. Rb1 Ba3 23. Nd3 Nc3 24. Rb3 Ne2+ 25. Kf1 Nxf4 26. Rxa3
Nxd3 27. Rxd3 Rc2 28. Ra3 a5 29. Rb3 Rxa2 30. Rxb6 a4 31. Ra6 a3 32. Ra8+ Kg7
33. Ra7 Kf6 34. g3 g5 35. h3 h5 36. Kg2 g4 37. h4 Ke6 38. Ra6+ Kd5 39. Ra8 Kc4
40. Ra7 Kd3 41. Ra8 Ke2 42. Ra7 Ke1 43. Kg1 Kd2 44. Kg2 Kc3 45. Rc7+ Kb2 46.
Rb7+ Kc1 47. Ra7 Ra1 48. Ra5 Kb2 49. Rxh5 Rb1 50. Rb5+ Ka1 51. Ra5 a2 52. h5
Rb2 53. h6 Rb8 54. Rg5 Kb1 55. h7 a1=Q 56. Rg8 Qa8+ {Source: Norman Stephenson}
0-1

[Event "GBR-ch82 Major Open"]
[Site "Swansea"]
[Date "1995.08.04"]
[Round "5"]
[White "Stephenson, Frederick Norman"]
[Black "Greet, Andrew N"]
[Result "1/2-1/2"]
[WhiteElo "2275"]
[BlackElo "2155"]
[PlyCount "94"]
[EventDate "1995.07.31"]
[EventType "swiss"]
[EventRounds "11"]
[EventCountry "GBR"]

1. d4 Nf6 2. c3 d5 3. Bg5 Ne4 4. Bf4 c5 5. Bxb8 Rxb8 6. e3 cxd4 7. exd4 a6 8.
Nd2 Bf5 9. Ngf3 e6 10. Nxe4 Bxe4 11. Bd3 Bxd3 12. Qxd3 Bd6 13. O-O O-O 14. Rae1
b5 15. Ne5 Qc7 16. a3 a5 17. Re3 g6 18. h4 Bxe5 19. Rxe5 b4 20. cxb4 axb4 21.
h5 bxa3 22. bxa3 Qe7 23. Qf3 Ra8 24. Qxd5 Rxa3 25. Qe4 Ra4 26. Qe3 Qd6 27. Re4
Rfa8 28. hxg6 hxg6 29. g3 Ra1 30. Qf3 Qd5 31. Rxa1 Rxa1+ 32. Kh2 Ra2 33. Kg2
Rd2 34. Rf4 Qd7 35. Qe3 Rb2 36. Qf3 Rb5 37. Rh4 Kg7 38. Qa8 Qd5+ 39. Qxd5 Rxd5
40. Kf3 f5 41. Ke3 Ra5 42. Rh1 Ra3+ 43. Ke2 g5 44. Rb1 Kf6 45. Rb7 f4 46. gxf4
gxf4 47. Rb5 Rc3 {Source: Norman Stephenson} 1/2-1/2

[Event "GBR-ch82 Major Open"]
[Site "Swansea"]
[Date "1995.08.05"]
[Round "6"]
[White "Dearing, Eddie"]
[Black "Stephenson, Frederick Norman"]
[Result "1-0"]
[WhiteElo "2060"]
[BlackElo "2275"]
[PlyCount "63"]
[EventDate "1995.07.31"]
[EventType "swiss"]
[EventRounds "11"]
[EventCountry "GBR"]

1. d4 d5 2. c4 e6 3. Nc3 Nf6 4. cxd5 exd5 5. Bg5 c6 6. Qc2 Na6 7. a3 Nc7 8. e3
Ne6 9. Bh4 g6 10. Bd3 Ng7 11. f3 Be7 12. Nge2 Nf5 13. Bf2 c5 14. Bxf5 Bxf5 15.
e4 dxe4 16. fxe4 cxd4 17. Bxd4 Be6 18. O-O-O Qa5 19. Rhf1 O-O 20. Bxf6 Bxf6 21.
Rxf6 Qg5+ 22. Rf4 Qxg2 23. Kb1 Qxh2 24. Rdf1 Rac8 25. Nd4 Qh3 26. Nxe6 Qxe6 27.
Qh2 Kg7 28. Rh4 h5 29. Rg1 Rh8 30. Nd5 Rc4 31. Qe2 Rhc8 32. Qxh5 {Source:
Norman Stephenson} 1-0

[Event "GBR-ch82 Major Open"]
[Site "Swansea"]
[Date "1995.08.07"]
[Round "7"]
[White "Stephenson, Frederick Norman"]
[Black "Pert, Richard G"]
[Result "1/2-1/2"]
[WhiteElo "2275"]
[BlackElo "2110"]
[PlyCount "34"]
[EventDate "1995.07.31"]
[EventType "swiss"]
[EventRounds "11"]
[EventCountry "GBR"]

1. e4 c5 2. Nf3 d6 3. d4 cxd4 4. Nxd4 Nf6 5. Nc3 g6 6. Be3 Bg7 7. Be2 O-O 8.
O-O Nc6 9. Qd2 Ng4 10. Bxg4 Bxg4 11. f4 Na5 12. b3 e5 13. fxe5 Bxe5 14. Rae1
Nc6 15. Nd5 Be6 16. Nxe6 fxe6 17. Rxf8+ Qxf8 {Source: Norman Stephenson}
1/2-1/2

[Event "GBR-ch82 Major Open"]
[Site "Swansea"]
[Date "1995.08.08"]
[Round "8"]
[White "Ioannides, Milton"]
[Black "Stephenson, Frederick Norman"]
[Result "1/2-1/2"]
[WhiteElo "2050"]
[BlackElo "2275"]
[PlyCount "55"]
[EventDate "1995.07.31"]
[EventType "swiss"]
[EventRounds "11"]
[EventCountry "GBR"]

1. e4 e5 2. Nf3 Nc6 3. Bc4 Nf6 4. d4 exd4 5. O-O Bc5 6. Bg5 d6 7. Bb5 h6 8. Bh4
g5 9. Bg3 Bg4 10. h3 Bh5 11. Bxc6+ bxc6 12. Nbd2 O-O 13. h4 Re8 14. hxg5 hxg5
15. Qe1 Bxf3 16. gxf3 Nh5 17. Qd1 Qf6 18. Kg2 Kg7 19. Rh1 Rh8 20. Qe2 Rh6 21.
e5 Qe7 22. Ne4 Rah8 23. Qd2 Nxg3 24. fxg3 Rxh1 25. Rxh1 Rxh1 26. exd6 Bxd6 27.
Kxh1 c5 28. Kg2 {Source: Norman Stephenson} 1/2-1/2

[Event "GBR-ch82 Major Open"]
[Site "Swansea"]
[Date "1995.08.10"]
[Round "10"]
[White "Newman, Joel"]
[Black "Smith, Andrew Philip"]
[Result "1/2-1/2"]
[WhiteElo "2050"]
[BlackElo "2290"]
[PlyCount "94"]
[EventDate "1995.07.31"]
[EventType "swiss"]
[EventRounds "11"]
[EventCountry "GBR"]
[SourceTitle "BritBase"]
[Source "John Saunders"]
[SourceDate "2023.06.01"]
[SourceVersion "1"]
[SourceVersionDate "2023.06.01"]
[SourceQuality "1"]

1. b3 a5 2. c4 h5 3. Nc3 h4 4. Bb2 Ra6 5. e3 Rg6 6. d4 d6 7. h3 Nf6 8. Nf3 Bf5
9. Nd2 Nc6 10. e4 Bc8 11. Nf3 Nd7 12. Qd2 e5 13. d5 Nb4 14. a3 Na6 15. Na4 Nac5
16. Nxc5 Nxc5 17. Qc2 Bd7 18. b4 Ba4 19. Qe2 Nb3 20. Rb1 Be7 21. Bc3 Bf6 22.
Qd3 Qe7 23. Be2 Nd4 24. Bxd4 exd4 25. Kf1 O-O 26. Nxd4 Bxd4 27. Qxd4 Bc2 28.
Re1 axb4 29. axb4 Bxe4 30. Bf3 f5 31. Bxe4 fxe4 32. Qxe4 Qg5 33. Rg1 Rgf6 34.
f3 Qd2 35. b5 Rf4 36. Qe2 Qc3 37. Kf2 Rxc4 38. Rc1 Qd4+ 39. Qe3 Qxd5 40. Rgd1
Qf7 41. b6 Rxc1 42. Qxc1 cxb6 43. Rxd6 b5 44. Qb2 Qf4 45. Rg6 Rf7 46. Rg4 Qh6
47. Qxb5 Qd2+ {Sources: CHESS, January 2007, pages 12-14; Off The Board Chess
by Andrew P Smith (Self-Published 2021), page 58. Contributed by Andy Ansel, 1
August 2021} 1/2-1/2

[Event "GBR-ch82 Major Open"]
[Site "Swansea"]
[Date "1995.08.11"]
[Round "11"]
[White "Stephenson, Frederick Norman"]
[Black "Lewis, Alex"]
[Result "0-1"]
[WhiteElo "2275"]
[BlackElo "2140"]
[PlyCount "104"]
[EventDate "1995.07.31"]
[EventType "swiss"]
[EventRounds "11"]
[EventCountry "GBR"]

1. d4 Nf6 2. c3 g6 3. Bg5 Bg7 4. Nd2 O-O 5. e4 d6 6. Ngf3 Nbd7 7. Bd3 h6 8.
Bxf6 Nxf6 9. O-O c5 10. dxc5 dxc5 11. Qc2 Be6 12. Bc4 Qc8 13. Rfe1 Bxc4 14.
Nxc4 Qe6 15. Ncd2 Rfd8 16. Qb3 Qxb3 17. axb3 b5 18. Ra5 a6 19. Kf1 g5 20. h3 h5
21. Ke2 g4 22. hxg4 hxg4 23. Nh2 Bh6 24. Nhf1 Rd6 25. Rd1 Rad8 26. e5 Re6 27.
Ne3 Rxe5 28. Rxa6 Bxe3 29. fxe3 Nd5 30. e4 Nf6 31. Rh1 Nxe4 32. Nxe4 Rxe4+ 33.
Kf2 e6 34. Rh5 f5 35. Ra7 Rd2+ 36. Kg3 Rd3+ 37. Kh4 g3+ 38. Kg5 Rd8 39. Rah7
Rf8 40. Rh8+ Kf7 41. R8h7+ Ke8 42. R5h6 Rf7 43. Rh8+ Ke7 44. Rb8 Rg7+ 45. Kh5
Kd6 46. Rb6+ Kd5 47. c4+ bxc4 48. bxc4+ Kxc4 49. Rhxe6 Rxe6 50. Rxe6 Kb3 51.
Rb6+ Kc4 52. Rf6 Rb7 {Source: Norman Stephenson} 0-1